000 00677cam a22002292 4500
001 0000011852
005 20151217154413.0
008 090114s xx 000 0 eng d
020 _a0071106924
040 _aKABU
_cKABU
050 0 _aPN4121
_b.L83 2007
100 1 _aLucas, Stephen E.
_@0000152189
245 1 4 _aThe Art of public speaking /
_cStephen E. Lucas.
250 _a9th ed.
260 _aNew York :
_bMcGraw-Hill,
_c2007.
300 _axxx, 506 p. +
_e2 CD-ROM.
500 _aElectronic resource available.
650 0 _aPublic speaking.
_@0000152161
852 1 _9p11000 KES
908 _a090114
950 _@1
999 _c11050
_d11050